[Event "44. Torneo Villa de Mislata - A"]
[Site "Mislata ESP"]
[Date "2010.08.17"]
[Round "3.4"]
[White "Castella Garcia, Fausto"]
[Black "Madero, Sergio"]
[Result "0-1"]
[WhiteElo "2334"]
[BlackElo "2139"]
[PlyCount "99"]
[EventDate "2010.08.16"]
[EventType "swiss"]
[EventRounds "9"]
[EventCountry "ESP"]
[Source "lmi"]
[SourceDate "2010.08.16"]

1. e4 c6 2. d4 d5 3. e5 c5 4. c4 cxd4 5. Nf3 Bg4 6. Qa4+ Qd7 7. Qxd7+ Nxd7 8.
Nxd4 dxc4 9. h3 Bh5 10. Na3 Nxe5 11. f4 O-O-O 12. Be3 Nd3+ 13. Bxd3 cxd3 14. g4
e5 15. Ndb5 exf4 16. Rc1+ Kd7 17. Rc7+ Ke6 18. Bxf4 Bb4+ 19. Bd2 Bxa3 20. bxa3
Bg6 21. O-O Nf6 22. Rxb7 Ne4 23. Nc7+ Kd7 24. Na6+ Ke6 25. Re1 f5 26. gxf5+
Bxf5 27. Nc5+ Kd5 28. Nxe4 Bxe4 29. Re7 Bg6 30. R1e5+ Kc6 31. Bb4 d2 32. R5e6+
Kb5 33. Re5+ Kc4 34. Rc7+ Kd4 35. Bc3+ Kd3 36. Bxd2 Kxd2 37. Rxg7 Bd3 38. Rg2+
Kc3 39. Rc5+ Kd4 40. Rc7 a6 41. Rg4+ Ke3 42. Re7+ Kd2 43. Rg2+ Kc3 44. Rc7+ Bc4
45. Rg3+ Rd3 46. Rg4 Rd4 47. Rg3+ Kb2 48. a4 Rg8 49. Rxc4 Rxg3+ 50. Kf2 0-1

[Event "44. Torneo Villa de Mislata - A"]
[Site "Mislata ESP"]
[Date "2010.08.17"]
[Round "3.6"]
[White "Gerona Maura, Jesus"]
[Black "Montoliu Cervero, Francisco"]
[Result "1/2-1/2"]
[WhiteElo "2044"]
[BlackElo "2153"]
[PlyCount "61"]
[EventDate "2010.08.16"]
[EventType "swiss"]
[EventRounds "9"]
[EventCountry "ESP"]
[Source "lmi"]
[SourceDate "2010.08.16"]

1. d4 d5 2. Nf3 Nf6 3. c4 c6 4. Nc3 dxc4 5. a4 Na6 6. e3 Bg4 7. Bxc4 Nb4 8. Ne5
e6 9. Nxg4 Nxg4 10. Bd2 Nf6 11. O-O Be7 12. Qb3 O-O 13. a5 b5 14. Be2 Nbd5 15.
Rfc1 a6 16. Bf3 Rc8 17. Ne4 Nxe4 18. Bxe4 Qd7 19. Rc2 Nf6 20. Bf3 c5 21. dxc5
Rxc5 22. Bc3 Rfc8 23. Rd2 Qc7 24. Rad1 h6 25. Bd4 Rc1 26. Bb6 Rxd1+ 27. Qxd1
Qc1 28. Kf1 Qc4+ 29. Qe2 Qa4 30. Qd1 Qc4+ 31. Qe2 1/2-1/2

[Event "44. Torneo Villa de Mislata - A"]
[Site "Mislata ESP"]
[Date "2010.08.17"]
[Round "3.7"]
[White "Rodriguez Soler, Rafael"]
[Black "Calvo Alfonso, Vicente"]
[Result "0-1"]
[WhiteElo "2032"]
[BlackElo "2208"]
[PlyCount "70"]
[EventDate "2010.08.16"]
[EventType "swiss"]
[EventRounds "9"]
[EventCountry "ESP"]
[Source "lmi"]
[SourceDate "2010.08.16"]

1. d4 e6 2. Nf3 Nf6 3. e3 b6 4. Bd3 Bb7 5. O-O c5 6. c4 d6 7. Nc3 Nbd7 8. b3
Be7 9. e4 cxd4 10. Nxd4 a6 11. Re1 O-O 12. Bf1 Rc8 13. Bb2 Qc7 14. g3 Qb8 15.
Rc1 Qa8 16. Bg2 Nc5 17. Qe2 Rfe8 18. Rcd1 Bf8 19. Qc2 g6 20. f3 e5 21. Nde2 b5
22. Bh3 Ne6 23. cxb5 axb5 24. Qd2 Qa7+ 25. Kh1 Bc6 26. Nd5 Nd7 27. Ba1 Ra8 28.
Nb4 Bb7 29. Rc1 Ndc5 30. Bb2 f5 31. Nd5 fxe4 32. Nf6+ Kg7 33. Nxe8+ Rxe8 34.
Nc3 exf3 35. Nd5 Be7 0-1

[Event "44. Torneo Villa de Mislata - A"]
[Site "Mislata ESP"]
[Date "2010.08.17"]
[Round "3.8"]
[White "Bas Mas, Jose Joaquin"]
[Black "Echarte Buil, Oscar"]
[Result "1-0"]
[WhiteElo "2030"]
[BlackElo "2164"]
[PlyCount "73"]
[EventDate "2010.08.16"]
[EventType "swiss"]
[EventRounds "9"]
[EventCountry "ESP"]
[Source "lmi"]
[SourceDate "2010.08.16"]

1. e4 c5 2. Nf3 g6 3. c4 Bg7 4. d4 cxd4 5. Nxd4 Nf6 6. Nc3 Nc6 7. Be3 Ng4 8.
Qxg4 Nxd4 9. Qd1 Nc6 10. Qd2 O-O 11. Be2 d6 12. O-O Be6 13. Rac1 Qa5 14. b3
Rfc8 15. f4 Rab8 16. Bd3 f5 17. exf5 Bxf5 18. Bxf5 Qxf5 19. Qe2 a6 20. g4 Qe6
21. Qf3 Rf8 22. Nd5 Qf7 23. Qg2 e6 24. Nc3 Rbd8 25. Ne4 h6 26. Kh1 d5 27. Nc5
Qe7 28. cxd5 exd5 29. Rce1 Qf7 30. f5 d4 31. Bd2 gxf5 32. gxf5 Rde8 33. Rxe8
Rxe8 34. f6 Re5 35. Nd3 Rh5 36. fxg7 Qxg7 37. Qe2 1-0

[Event "44. Torneo Villa de Mislata - A"]
[Site "Mislata ESP"]
[Date "2010.08.17"]
[Round "3.9"]
[White "Jordan Arenas, Manuel"]
[Black "Urios Hernandez, Ramon"]
[Result "1-0"]
[WhiteElo "2158"]
[BlackElo "2071"]
[PlyCount "91"]
[EventDate "2010.08.16"]
[EventType "swiss"]
[EventRounds "9"]
[EventCountry "ESP"]
[Source "lmi"]
[SourceDate "2010.08.16"]

1. e4 c5 2. Nf3 d6 3. Nc3 Nf6 4. Bb5+ Bd7 5. Bxd7+ Nbxd7 6. O-O e5 7. d3 h6 8.
Nd2 a6 9. a4 b6 10. Nc4 Rb8 11. f4 b5 12. axb5 axb5 13. fxe5 dxe5 14. Ne3 b4
15. Ncd5 Nxd5 16. Nxd5 Nf6 17. Qf3 Rb7 18. Nxf6+ gxf6 19. Qxf6 Qxf6 20. Rxf6
Ke7 21. Rc6 Kd7 22. Raa6 h5 23. Bg5 Rg8 24. Be3 Rc7 25. Rxc7+ Kxc7 26. Ra7+ Kc6
27. Rxf7 Bd6 28. b3 Ra8 29. g3 Ra2 30. Rf2 Ra8 31. Kg2 Rg8 32. Rf5 Ra8 33. Bg5
Ra2 34. Rf2 Ra8 35. Kh3 Rh8 36. Bf6 Rh7 37. Kh4 Kd7 38. Kg5 Ke6 39. Kg6 Rf7 40.
Rf5 Ra7 41. h4 Ra1 42. Kxh5 Rg1 43. g4 Rg2 44. g5 Rxc2 45. g6 c4 46. g7 1-0

[Event "44. Torneo Villa de Mislata - A"]
[Site "Mislata ESP"]
[Date "2010.08.17"]
[Round "3.10"]
[White "Aranda Flores, Jordi"]
[Black "Fernandez Ayuso, Sergio"]
[Result "1-0"]
[WhiteElo "2140"]
[BlackElo "1968"]
[PlyCount "107"]
[EventDate "2010.08.16"]
[EventType "swiss"]
[EventRounds "9"]
[EventCountry "ESP"]
[Source "lmi"]
[SourceDate "2010.08.16"]

1. d4 d5 2. c4 c6 3. Nf3 Nf6 4. Nc3 e6 5. Bg5 Be7 6. e3 Nbd7 7. Rc1 O-O 8. a3
a5 9. Bd3 h6 10. Bh4 b6 11. O-O Ba6 12. Qe2 Ne8 13. Bg3 Bd6 14. e4 Bxg3 15.
hxg3 dxe4 16. Qxe4 Nef6 17. Qxc6 Rc8 18. Qa4 e5 19. Qd1 exd4 20. Nb5 Bxb5 21.
cxb5 Rxc1 22. Qxc1 Nc5 23. Rd1 Nxd3 24. Rxd3 Re8 25. Rxd4 Qb8 26. Qd2 Qc7 27.
Qc3 Qb8 28. Qd3 Rc8 29. Rc4 Rxc4 30. Qxc4 Qd6 31. Qd4 Qxd4 32. Nxd4 g6 33. f3
Kf8 34. Nc6 Nd5 35. Kf2 f6 36. Ke2 Nc7 37. Nd4 Ke7 38. Kd3 Kd6 39. Kc4 Nd5 40.
Nc2 h5 41. Kd4 Nc7 42. a4 Ne6+ 43. Kc4 Nc5 44. b3 Ke5 45. Nd4 g5 46. Nc6+ Kf5
47. Nxa5 Nd7 48. Nc6 h4 49. Nd4+ Ke5 50. gxh4 gxh4 51. b4 Kf4 52. a5 bxa5 53.
bxa5 Ne5+ 54. Kd5 1-0

[Event "44. Torneo Villa de Mislata - A"]
[Site "Mislata ESP"]
[Date "2010.08.18"]
[Round "4.1"]
[White "Torres Sanchez, Jose"]
[Black "Pena Riasco, Alexander"]
[Result "1-0"]
[WhiteElo "2318"]
[BlackElo "2255"]
[PlyCount "99"]
[EventDate "2010.08.16"]
[EventType "swiss"]
[EventRounds "9"]
[EventCountry "ESP"]
[Source "lmi"]
[SourceDate "2010.08.16"]

1. d4 Nf6 2. c4 g6 3. Nc3 Bg7 4. e4 d6 5. Nf3 O-O 6. Be2 e5 7. O-O Nc6 8. d5
Ne7 9. b4 a5 10. Ba3 axb4 11. Bxb4 Nd7 12. a4 h6 13. a5 g5 14. Nd2 Ng6 15. Nb3
Nf4 16. Bg4 Nf6 17. Bxc8 Rxc8 18. c5 Re8 19. f3 Bf8 20. g3 Ng6 21. Qe2 Be7 22.
Nb5 Kg7 23. Rfc1 Qd7 24. a6 bxa6 25. Rxa6 dxc5 26. Nxc5 Qh3 27. Nd3 Bxb4 28.
Nxb4 Re7 29. Rac6 Ra8 30. Na6 Ne8 31. Naxc7 Nxc7 32. Nxc7 Ra3 33. d6 Rd7 34.
Ne8+ Kf8 35. Rc8 Rda7 36. Nf6+ Kg7 37. Ng4 Ra1 38. R8c2 h5 39. Ne3 h4 40. Nf5+
Kh7 41. Qf1 Qxf1+ 42. Kxf1 Rxc1+ 43. Rxc1 hxg3 44. hxg3 Rd7 45. Rc8 Nh8 46. Ke2
Ng6 47. Kd3 Ra7 48. Kc4 Ra1 49. Kd5 Rd1+ 50. Kc6 1-0

[Event "44. Torneo Villa de Mislata - A"]
[Site "Mislata ESP"]
[Date "2010.08.18"]
[Round "4.2"]
[White "Chueca Forcen, Alberto"]
[Black "Madero, Sergio"]
[Result "1-0"]
[WhiteElo "2280"]
[BlackElo "2139"]
[PlyCount "131"]
[EventDate "2010.08.16"]
[EventType "swiss"]
[EventRounds "9"]
[EventCountry "ESP"]
[Source "lmi"]
[SourceDate "2010.08.16"]

1. d4 Nf6 2. c4 g6 3. Nc3 Bg7 4. e4 d6 5. Nf3 O-O 6. h3 e5 7. d5 Na6 8. Be3 Nc5
9. Nd2 a5 10. g4 Ne8 11. h4 f5 12. gxf5 gxf5 13. Qe2 f4 14. Bxc5 dxc5 15. Bh3
Bxh3 16. Rxh3 Qd7 17. Rh2 a4 18. O-O-O Kh8 19. Rg1 Nd6 20. Nf3 Bf6 21. Ng5 Rg8
22. Rhg2 Bxg5 23. Rxg5 Rxg5 24. Rxg5 Nf7 25. Rf5 Rg8 26. Kc2 Rg6 27. b3 axb3+
28. axb3 Kg7 29. Na4 Qe7 30. Rh5 b6 31. Nb2 Rh6 32. Qg4+ Kf8 33. Nd3 Rxh5 34.
Qxh5 Kg7 35. Qg4+ Kf8 36. Ne1 Ke8 37. Nf3 h6 38. Qg6 Kd8 39. Qg8+ Qe8 40. Qg7
Qe7 41. Qg6 Qd7 42. Qg8+ Qe8 43. Qg7 b5 44. cxb5 Nd6 45. Nxe5 Nxe4 46. b6 cxb6
47. Nc6+ Kc8 48. Ne7+ Kb8 49. Nc6+ Kc8 50. Qg4+ Kc7 51. Qxf4+ Nd6 52. Qe5 Qxe5
53. Nxe5 Ne4 54. f3 Ng3 55. Ng4 Nf5 56. Kd3 Nxh4 57. Ke4 Kd6 58. Nxh6 b5 59.
Nf7+ Ke7 60. Ne5 Kd6 61. f4 Ng2 62. f5 Ne3 63. Nf7+ Ke7 64. Kxe3 Kxf7 65. d6 b4
66. Kd3 1-0

[Event "44. Torneo Villa de Mislata - A"]
[Site "Mislata ESP"]
[Date "2010.08.18"]
[Round "4.3"]
[White "Aranda Flores, Jordi"]
[Black "Berrocal, Jorge"]
[Result "0-1"]
[WhiteElo "2140"]
[BlackElo "2293"]
[PlyCount "133"]
[EventDate "2010.08.16"]
[EventType "swiss"]
[EventRounds "9"]
[EventCountry "ESP"]
[Source "lmi"]
[SourceDate "2010.08.16"]

1. d4 Nf6 2. c4 g6 3. Nc3 Bg7 4. e4 d6 5. Nge2 e5 6. d5 a5 7. Ng3 Na6 8. h4 h5
9. Bg5 Bh6 10. Bxh6 Rxh6 11. Qd2 Rh8 12. O-O-O Qe7 13. Kb1 Bd7 14. f3 Nc5 15.
b3 Qd8 16. Bd3 b6 17. Nf1 Ng8 18. Qg5 Qxg5 19. hxg5 f6 20. gxf6 Nxf6 21. Ne3
Ke7 22. Kc2 h4 23. Rh2 Rh7 24. Rdh1 Rah8 25. Ne2 g5 26. g4 hxg3 27. Rxh7+ Rxh7
28. Rxh7+ Nxh7 29. Nxg3 Nf6 30. Kd2 Kf7 31. Bc2 g4 32. fxg4 Nxg4 33. Nxg4 Bxg4
34. Ke3 Kf6 35. Nh1 Bh3 36. Nf2 Bf1 37. Nd1 a4 38. Nc3 axb3 39. axb3 Kg5 40.
Nb5 Na6 41. Bb1 Bh3 42. Bd3 Bd7 43. Nc3 Nb4 44. Bb1 Kg4 45. Nd1 Kg3 46. Nf2 b5
47. Nd3 Na6 48. Bc2 Kg2 49. Bd1 Kg1 50. Be2 bxc4 51. bxc4 Ba4 52. Kd2 Kg2 53.
Bg4 Kg3 54. Bc8 Nc5 55. Nxc5 dxc5 56. Ke3 Bb3 57. Ba6 Bc2 58. Bc8 Bb1 59. Bd7
Ba2 60. Bb5 Kg2 61. Kd3 Bb1+ 62. Ke3 Kf1 63. Be8 Bc2 64. Bh5 Ke1 65. Be2 Bxe4
66. Kxe4 Kxe2 67. Kxe5 0-1

[Event "44. Torneo Villa de Mislata - A"]
[Site "Mislata ESP"]
[Date "2010.08.18"]
[Round "4.4"]
[White "Crecente Penalba, Jose Manuel"]
[Black "Adell Corts, Francisco"]
[Result "0-1"]
[WhiteElo "2134"]
[BlackElo "2212"]
[PlyCount "104"]
[EventDate "2010.08.16"]
[EventType "swiss"]
[EventRounds "9"]
[EventCountry "ESP"]
[Source "lmi"]
[SourceDate "2010.08.16"]

1. d4 f5 2. Nf3 Nf6 3. g3 g6 4. Bg2 d6 5. b3 Bg7 6. Bb2 O-O 7. O-O Qe8 8. c4
Nbd7 9. d5 Nc5 10. Nc3 Bd7 11. b4 Na6 12. a3 c5 13. b5 Nc7 14. Qd3 h6 15. Rae1
g5 16. Ba1 f4 17. e4 g4 18. Nh4 f3 19. Bh1 Nh7 20. h3 Ng5 21. e5 Nxh3+ 22. Kh2
Nf4 23. gxf4 Qh5 24. Ne4 Qxh4+ 25. Kg1 Bf5 26. Bxf3 gxf3 27. Qxf3 dxe5 28. Qg3
Qxf4 29. Qxf4 exf4 30. Bxg7 Kxg7 31. Nxc5 Kf6 32. Ne4+ Bxe4 33. Rxe4 Rg8+ 34.
Kh2 e5 35. dxe6 Nxe6 36. Rfe1 Rge8 37. Kg2 Rac8 38. Rd1 Re7 39. Rd6 Kf5 40. f3
Rc5 41. Rd5+ Kf6 42. Rxe6+ Rxe6 43. Rxc5 Re7 44. Kh3 Rg7 45. a4 b6 46. Rd5 Rg3+
47. Kh4 Rxf3 48. Kg4 Ra3 49. Rd7 f3 50. Kg3 h5 51. Rxa7 h4+ 52. Kf2 Ke5 0-1

[Event "44. Torneo Villa de Mislata - A"]
[Site "Mislata ESP"]
[Date "2010.08.18"]
[Round "4.5"]
[White "Calvo Alfonso, Vicente"]
[Black "Gimeno Martos, Roberto"]
[Result "1/2-1/2"]
[WhiteElo "2208"]
[BlackElo "2135"]
[PlyCount "171"]
[EventDate "2010.08.16"]
[EventType "swiss"]
[EventRounds "9"]
[EventCountry "ESP"]
[Source "lmi"]
[SourceDate "2010.08.16"]

1. c4 Nf6 2. Nc3 g6 3. e4 d6 4. d4 Bg7 5. f3 O-O 6. Be3 e5 7. d5 Ne8 8. Qd2 f5
9. O-O-O f4 10. Bf2 a6 11. Kb1 Nd7 12. Nge2 Ndf6 13. Nc1 Bd7 14. Bd3 c5 15.
dxc6 bxc6 16. Bc2 Be6 17. c5 d5 18. Bb3 Nc7 19. exd5 cxd5 20. Rhe1 d4 21. Ne4
Nxe4 22. Rxe4 Rb8 23. Qe2 Bxb3 24. Nxb3 Qd5 25. Qc2 Rb5 26. Rc1 Ne6 27. Qc4
Qxc4 28. Rxc4 Rc8 29. c6 Bf8 30. Be1 Bd6 31. Kc2 Rb6 32. Na5 Nd8 33. a3 Nxc6
34. Kd3 Kf7 35. Re2 Ne7 36. Rxc8 Nxc8 37. b4 Ke6 38. Kc4 Ne7 39. Rb2 Rb8 40.
Nb3 Nd5 41. Bd2 g5 42. Rc2 Rc8+ 43. Kd3 Rxc2 44. Kxc2 Nb6 45. Kd3 Kd5 46. Na5
h5 47. h3 Be7 48. Be1 g4 49. hxg4 hxg4 50. Bf2 Bd8 51. Be1 Nd7 52. Nb3 Be7 53.
a4 Nb6 54. b5 axb5 55. axb5 gxf3 56. gxf3 Nc4 57. Ba5 Nxa5 58. Nxa5 Bd6 59. Nc4
Bb8 60. b6 Kc5 61. b7 Kc6 62. Ke4 Kxb7 63. Kd3 Bc7 64. Nd2 Kc6 65. Kc4 Bd6 66.
Ne4 Be7 67. Nd2 Kd6 68. Ne4+ Ke6 69. Kd3 Kf7 70. Ke2 Kg6 71. Kd3 Bb4 72. Kc4
Ba5 73. Kd5 d3 74. Kxe5 d2 75. Nf2 Kg5 76. Ke4 Bb6 77. Nd1 Be3 78. Nc3 Kh4 79.
Kd3 Kg3 80. Ke2 Kg2 81. Nd5 Kg3 82. Nc3 Kh3 83. Ne4 Kg2 84. Nc3 Kh3 85. Ne4 Kg2
86. Nc3 1/2-1/2

[Event "44. Torneo Villa de Mislata - A"]
[Site "Mislata ESP"]
[Date "2010.08.18"]
[Round "4.6"]
[White "Montalban Galvez, Antonio"]
[Black "Gerona Maura, Jesus"]
[Result "1-0"]
[WhiteElo "2197"]
[BlackElo "2044"]
[PlyCount "55"]
[EventDate "2010.08.16"]
[EventType "swiss"]
[EventRounds "9"]
[EventCountry "ESP"]
[Source "lmi"]
[SourceDate "2010.08.16"]

1. Nf3 g6 2. d4 Bg7 3. g3 Nf6 4. Bg2 O-O 5. O-O d6 6. c4 Nbd7 7. Qc2 c6 8. Rd1
Qb6 9. Nc3 e5 10. c5 dxc5 11. Na4 Qc7 12. dxc5 Re8 13. h3 Nf8 14. e4 Nh5 15. g4
Nf4 16. Bxf4 exf4 17. Rd2 Qe7 18. Re1 Ne6 19. b4 Ng5 20. Nxg5 Qxg5 21. Nc3 Qf6
22. e5 Qe6 23. Ne4 Bxe5 24. g5 f3 25. Nf6+ Kh8 26. Re3 fxg2 27. Nxe8 Qxe8 28.
Qb2 1-0

[Event "44. Torneo Villa de Mislata - A"]
[Site "Mislata ESP"]
[Date "2010.08.18"]
[Round "4.7"]
[White "Silva Rodriguez, Julio"]
[Black "Jordan Arenas, Manuel"]
[Result "1-0"]
[WhiteElo "2126"]
[BlackElo "2158"]
[PlyCount "45"]
[EventDate "2010.08.16"]
[EventType "swiss"]
[EventRounds "9"]
[EventCountry "ESP"]
[Source "lmi"]
[SourceDate "2010.08.16"]

1. e4 e5 2. Nf3 Nc6 3. Bc4 Bc5 4. O-O Nf6 5. d4 Bxd4 6. Nxd4 Nxd4 7. f4 Nc6 8.
Bxf7+ Kxf7 9. fxe5 Nxe5 10. Qd5+ Kg6 11. Qxe5 d6 12. Qg3+ Kf7 13. Bg5 Re8 14.
Nc3 Be6 15. e5 dxe5 16. Rad1 Bd7 17. Ne4 Re6 18. Bxf6 gxf6 19. Ng5+ Ke7 20.
Nxe6 Kxe6 21. Qd3 Ke7 22. Qxh7+ Ke8 23. Qg6+ 1-0

[Event "44. Torneo Villa de Mislata - A"]
[Site "Mislata ESP"]
[Date "2010.08.18"]
[Round "4.8"]
[White "Montoliu Cervero, Francisco"]
[Black "Ballester Llagaria, Luis Eduard"]
[Result "1/2-1/2"]
[WhiteElo "2153"]
[BlackElo "2056"]
[PlyCount "62"]
[EventDate "2010.08.16"]
[EventType "swiss"]
[EventRounds "9"]
[EventCountry "ESP"]
[Source "lmi"]
[SourceDate "2010.08.16"]

1. e4 c5 2. Nf3 e6 3. d4 cxd4 4. Nxd4 Nf6 5. Nc3 Nc6 6. Ndb5 d6 7. Bf4 e5 8.
Bg5 a6 9. Na3 Be6 10. Nc4 Rc8 11. Bxf6 Qxf6 12. Nb6 Rb8 13. Ncd5 Qd8 14. g3 g6
15. Bg2 Bg7 16. O-O O-O 17. c3 f5 18. exf5 gxf5 19. f4 Kh8 20. Kh1 Ne7 21. a4
Nxd5 22. Nxd5 e4 23. Qd2 Qa5 24. Rfd1 Rbc8 25. Ra3 Rfd8 26. g4 Bxd5 27. Qxd5
Qxd5 28. Rxd5 fxg4 29. Bxe4 Rc4 30. Bd3 Rxf4 31. Rb3 Rd7 1/2-1/2

[Event "44. Torneo Villa de Mislata - A"]
[Site "Mislata ESP"]
[Date "2010.08.18"]
[Round "4.9"]
[White "Plaza Pardo, Daniel"]
[Black "Bas Mas, Jose Joaquin"]
[Result "1-0"]
[WhiteElo "2128"]
[BlackElo "2030"]
[PlyCount "69"]
[EventDate "2010.08.16"]
[EventType "swiss"]
[EventRounds "9"]
[EventCountry "ESP"]
[Source "lmi"]
[SourceDate "2010.08.16"]

1. d4 Nf6 2. c4 c5 3. d5 b5 4. Nf3 e6 5. Bg5 exd5 6. cxd5 h6 7. Bh4 Qa5+ 8. Nc3
g5 9. Bg3 Bg7 10. Be5 d6 11. Bxd6 Ne4 12. Be5 Bxe5 13. Nxe5 Nxc3 14. Qd2 b4 15.
bxc3 bxc3 16. Qc2 Bf5 17. e4 Bh7 18. h4 O-O 19. hxg5 Re8 20. f4 hxg5 21. Bd3
gxf4 22. Ng4 Nd7 23. e5 Nxe5 24. Nf6+ Kf8 25. Nxh7+ Kg7 26. Be2 Rab8 27. Qf5
c2+ 28. Kf2 Ng6 29. Nf6 Rxe2+ 30. Kxe2 Qa6+ 31. Kf2 c1=Q 32. Rh7+ Kf8 33. Nd7+
Ke8 34. Qxf7+ Kd8 35. Qg8+ 1-0

[Event "44. Torneo Villa de Mislata - A"]
[Site "Mislata ESP"]
[Date "2010.08.18"]
[Round "4.10"]
[White "O`Neill y Daneiko, Jose Antonio"]
[Black "Castella Garcia, Fausto"]
[Result "1-0"]
[WhiteElo "2102"]
[BlackElo "2334"]
[PlyCount "69"]
[EventDate "2010.08.16"]
[EventType "swiss"]
[EventRounds "9"]
[EventCountry "ESP"]
[Source "lmi"]
[SourceDate "2010.08.16"]

1. e4 c5 2. Nf3 d6 3. d4 cxd4 4. Nxd4 Nf6 5. Nc3 g6 6. Be3 Bg7 7. f3 O-O 8. Bc4
Nc6 9. Bb3 Bd7 10. Qd2 Na5 11. h4 b5 12. Ndxb5 Qb8 13. Nd4 Rc8 14. Qd3 Qb4 15.
a3 Qb7 16. g4 Nxb3 17. cxb3 Rab8 18. g5 Nh5 19. b4 a5 20. Rb1 axb4 21. Nd5 Be8
22. Nxb4 e5 23. Ne2 Bb5 24. Qxd6 Bxe2 25. Kxe2 Ng3+ 26. Kf2 Nxh1+ 27. Rxh1 Rd8
28. Qc5 Bf8 29. Qxe5 Bg7 30. Qf4 Bxb2 31. Nd5 Qa6 32. h5 Bg7 33. hxg6 fxg6 34.
Ne7+ Kh8 35. Rxh7+ 1-0

[Event "44. Torneo Villa de Mislata - A"]
[Site "Mislata ESP"]
[Date "2010.08.19"]
[Round "5.1"]
[White "Chueca Forcen, Alberto"]
[Black "Torres Sanchez, Jose"]
[Result "1/2-1/2"]
[WhiteElo "2280"]
[BlackElo "2318"]
[PlyCount "134"]
[EventDate "2010.08.16"]
[EventType "swiss"]
[EventRounds "9"]
[EventCountry "ESP"]
[Source "lmi"]
[SourceDate "2010.08.16"]

1. d4 d5 2. c4 dxc4 3. e3 c5 4. Bxc4 cxd4 5. Nf3 Nf6 6. O-O Qc7 7. Bb3 Bg4 8.
exd4 e6 9. h3 Bh5 10. Nc3 Be7 11. d5 exd5 12. Nxd5 Nxd5 13. Qxd5 Bg6 14. Ba4+
Nc6 15. Ne5 O-O 16. Nxc6 bxc6 17. Qxc6 Qe5 18. Qb5 Qxb5 19. Bxb5 Rab8 20. a4
Bf6 21. Be3 a5 22. Bd2 Ra8 23. Bc3 Bxc3 24. bxc3 Rfc8 25. Rac1 Rc7 26. Rfd1 f6
27. f3 Rac8 28. Rd6 Be8 29. Bxe8 Rxe8 30. Rd5 Rec8 31. Rxa5 Rxc3 32. Rxc3 Rxc3
33. Rb5 Ra3 34. Rb4 g5 35. f4 Kg7 36. f5 h5 37. Rb7+ Kf8 38. Ra7 h4 39. a5 Ra2
40. Kf1 Ke8 41. a6 Kd8 42. Ra8+ Kc7 43. a7 Kb7 44. Rf8 Rxa7 45. Rf7+ Kb8 46.
Rxf6 Ra4 47. Ke2 Rf4 48. Rf7 Kc8 49. f6 g4 50. hxg4 Rxg4 51. Kf3 Rg6 52. Ke4
Kd8 53. Kf5 Rxg2 54. Rf8+ Kd7 55. Rh8 h3 56. f7 h2 57. f8=N+ Kd6 58. Ng6 Rf2+
59. Nf4 Ke7 60. Kg4 Ra2 61. Kg3 Kf6 62. Ng2 Rb2 63. Kxh2 Kg5 64. Re8 Kg4 65.
Re4+ Kf5 66. Ra4 Ke5 67. Kg3 Kd5 1/2-1/2

[Event "44. Torneo Villa de Mislata - A"]
[Site "Mislata ESP"]
[Date "2010.08.19"]
[Round "5.2"]
[White "Berrocal, Jorge"]
[Black "Montalban Galvez, Antonio"]
[Result "1-0"]
[WhiteElo "2293"]
[BlackElo "2197"]
[PlyCount "95"]
[EventDate "2010.08.16"]
[EventType "swiss"]
[EventRounds "9"]
[EventCountry "ESP"]
[Source "lmi"]
[SourceDate "2010.08.16"]

1. c4 Nf6 2. Nc3 g6 3. Nf3 Bg7 4. g3 O-O 5. Bg2 c6 6. d4 d6 7. O-O Nbd7 8. Qc2
e5 9. Rd1 Qe7 10. b4 e4 11. Ng5 d5 12. cxd5 cxd5 13. Qb3 Nb6 14. Nh3 Be6 15.
Nf4 Rac8 16. f3 exf3 17. Bxf3 Rfd8 18. Nxe6 Qxe6 19. Bf4 Nc4 20. Rd3 Ng4 21.
Rc1 Nge3 22. Kh1 Re8 23. Nb5 Ng4 24. Kg1 Qf5 25. Nc7 g5 26. Nxe8 Rxe8 27. Bd2
Nf6 28. g4 Nxg4 29. Rxc4 dxc4 30. Qxc4 Nf6 31. Qc5 Qxc5 32. dxc5 Ne4 33. Be1 f5
34. Rd7 g4 35. Bxe4 Rxe4 36. Kf1 Rf4+ 37. Kg2 Re4 38. Rxb7 Rxe2+ 39. Kf1 Rxa2
40. c6 Rc2 41. c7 Bf8 42. Bg3 Rc4 43. Ke2 h5 44. Kd3 Rc6 45. b5 Rc1 46. Bf4 Rc5
47. Rxa7 h4 48. Ra8 1-0

[Event "44. Torneo Villa de Mislata - A"]
[Site "Mislata ESP"]
[Date "2010.08.19"]
[Round "5.3"]
[White "Pena Riasco, Alexander"]
[Black "Silva Rodriguez, Julio"]
[Result "1-0"]
[WhiteElo "2255"]
[BlackElo "2126"]
[PlyCount "59"]
[EventDate "2010.08.16"]
[EventType "swiss"]
[EventRounds "9"]
[EventCountry "ESP"]
[Source "lmi"]
[SourceDate "2010.08.16"]

1. e4 e6 2. d4 d5 3. Nd2 Nf6 4. e5 Nfd7 5. f4 c5 6. c3 Nc6 7. Ne2 Qb6 8. Nf3 a5
9. g3 a4 10. Bh3 cxd4 11. cxd4 a3 12. b3 Ndb8 13. O-O Na6 14. Kg2 Bd7 15. Ne1
g6 16. Be3 Ncb4 17. Rf2 Rc8 18. Bg4 Be7 19. Bf3 Rc6 20. Nc1 O-O 21. Ncd3 Rfc8
22. Be2 Rc3 23. Bd2 R3c7 24. Nxb4 Nxb4 25. Bxb4 Bxb4 26. Nf3 Bc3 27. Rc1 Bb2
28. Rxc7 Rxc7 29. Qd2 Bb5 30. Qb4 1-0

[Event "44. Torneo Villa de Mislata - A"]
[Site "Mislata ESP"]
[Date "2010.08.19"]
[Round "5.4"]
[White "Adell Corts, Francisco"]
[Black "Calvo Alfonso, Vicente"]
[Result "1-0"]
[WhiteElo "2212"]
[BlackElo "2208"]
[PlyCount "69"]
[EventDate "2010.08.16"]
[EventType "swiss"]
[EventRounds "9"]
[EventCountry "ESP"]
[Source "lmi"]
[SourceDate "2010.08.16"]

1. e4 e6 2. d4 d5 3. Nd2 Nf6 4. e5 Nfd7 5. c3 c5 6. Ndf3 Nc6 7. Bd3 cxd4 8.
cxd4 Be7 9. Ne2 Nb4 10. Bb1 a5 11. O-O Nb6 12. a3 Nc6 13. Bd3 Bd7 14. Re1 a4
15. Nf4 g6 16. h4 Na5 17. g3 Bc6 18. Rb1 Qd7 19. Ne2 Nbc4 20. Ng5 Bf8 21. h5
O-O-O 22. Nc3 b5 23. Qf3 Nb3 24. Qxf7 Nxd4 25. Be3 Qxf7 26. Nxf7 Nf3+ 27. Kf1
Nxe1 28. Kxe1 Bg7 29. Bxc4 dxc4 30. h6 Bxe5 31. Nxe5 Be8 32. Bb6 Rd6 33. Bc5
Rd8 34. Be7 Rd4 35. Ke2 1-0

[Event "44. Torneo Villa de Mislata - A"]
[Site "Mislata ESP"]
[Date "2010.08.19"]
[Round "5.5"]
[White "Gimeno Martos, Roberto"]
[Black "Montoliu Cervero, Francisco"]
[Result "0-1"]
[WhiteElo "2135"]
[BlackElo "2153"]
[PlyCount "78"]
[EventDate "2010.08.16"]
[EventType "swiss"]
[EventRounds "9"]
[EventCountry "ESP"]
[Source "lmi"]
[SourceDate "2010.08.16"]

1. e4 c5 2. Nc3 Nc6 3. g3 g6 4. Bg2 Bg7 5. d3 e6 6. Be3 d6 7. Qd2 Rb8 8. h4 h5
9. Nd1 b5 10. f4 Nge7 11. Ne2 Nd4 12. Nc1 b4 13. O-O O-O 14. c3 bxc3 15. bxc3
Ndc6 16. Ne2 Qa5 17. Rc1 Bd7 18. Bf3 f5 19. Rc2 Rb1 20. Nb2 Rxf1+ 21. Kxf1 Qxa2
22. Nc4 Qb1+ 23. Kg2 Qb8 24. e5 dxe5 25. Bxc5 exf4 26. Bd6 Qc8 27. Nxf4 Kh7 28.
d4 Re8 29. Bc5 Qc7 30. Bd6 Qc8 31. Qe2 Nd5 32. Nh3 Qa6 33. Bxh5 Qxc4 34. Qf3
Nxd4 35. Bxg6+ Kxg6 36. Nf4+ Nxf4+ 37. Qxf4 Qd5+ 38. Kh2 Nxc2 39. Qg5+ Kf7 0-1

[Event "44. Torneo Villa de Mislata - A"]
[Site "Mislata ESP"]
[Date "2010.08.19"]
[Round "5.6"]
[White "Madero, Sergio"]
[Black "Cabero Feliciano, Guillermo"]
[Result "1-0"]
[WhiteElo "2139"]
[BlackElo "2080"]
[PlyCount "55"]
[EventDate "2010.08.16"]
[EventType "swiss"]
[EventRounds "9"]
[EventCountry "ESP"]
[Source "lmi"]
[SourceDate "2010.08.16"]

1. d4 d5 2. Nf3 Nc6 3. g3 Bg4 4. Bg2 Qd7 5. O-O Bh3 6. Ne5 Nxe5 7. dxe5 Bxg2 8.
Kxg2 h5 9. h4 Qc6 10. f3 O-O-O 11. c3 f6 12. Bf4 e6 13. Nd2 Be7 14. Nb3 g5 15.
Nd4 Qa6 16. hxg5 fxg5 17. Be3 c5 18. Nc2 Nh6 19. b4 Nf5 20. Bxc5 Bxc5 21. bxc5
g4 22. Qd3 Qa4 23. Nd4 Ne7 24. fxg4 Rdg8 25. Rf7 Qe8 26. Raf1 Rxg4 27. Nb5 Qc6
28. Nxa7+ 1-0